书目信息 |
| 题名: |
家畜家禽十例
|
|
| 作者: | ;江苏省科学技术情报研究所 , 江苏省射阳县科学技术委员会 编著 | |
| 分册: | ||
| 出版信息: | 北京 农村读物出版社 1981 |
|
| 页数: | 36页 | |
| 开本: | 19cm | |
| 丛书名: | 多种经营丛书 | |
| 单 册: | ||
| 中图分类: | S815 , S82 | |
| 科图分类: | ||
| 主题词: | 家畜--饲养管理 , 养禽学 , 家畜 | |
| 电子资源: | ||
| ISBN: | ||
| 000 | 00965nam2 2200313 45 | |
| 001 | 0181000352 | |
| 005 | 20040520162742.1 | |
| 010 | @dCNY0.15 | |
| 091 | @a17267.2 | |
| 100 | @a19950515d1981 em y0chiy0121 ea | |
| 101 | 0 | @achi |
| 102 | @aCN@b110000 | |
| 105 | @ay z 000yy | |
| 106 | @ar | |
| 200 | 10 | @a家畜家禽十例@Ajia xu jia qin shi li@f江苏省科学技术情报研究所,江苏省射阳县科学技术委员会编著 |
| 210 | @a北京@c农村读物出版社@d1981 | |
| 215 | @a36页@d19cm | |
| 225 | 2 | @a多种经营丛书 |
| 410 | 0 | @120010@a多种经营丛书 |
| 606 | @a家畜@x饲养管理 | |
| 606 | @a养禽学 | |
| 606 | 0 | @a家畜 |
| 690 | @aS815@v3 | |
| 690 | @aS82 | |
| 711 | 02 | @a江苏省科学技术情报研究所@Ajiang su sheng ke xue ji shu qing bao yan jiu suo@4编著 |
| 711 | 02 | @a江苏省射阳县科学技术委员会@Ajiang su sheng she yang xian ke xue ji shu wei yuan hui@4编著 |
| 801 | 0 | @aCN@b上海图书馆@c20040520 |
| 801 | 2 | @aCN@bNLC@c20040520 |
| 905 | @f1@b161771@f0@f1@b161779@dS82@e4 | |
| 家畜家禽十例/江苏省科学技术情报研究所,江苏省射阳县科学技术委员会编著.-北京:农村读物出版社,1981 |
| 36页;19cm.-(多种经营丛书) |
| ISBN :CNY0.15 |
| ● |
| 相关链接 |
|
|
|
|
正题名:家畜家禽十例
索取号:S82/4
 
预约/预借
| 序号 | 登录号 | 条形码 | 馆藏地/架位号 | 状态 | 备注 |
| 1 | 0161770 | 000884298 | 密集书库/ [索取号:S82/4] | 在馆 | |
| 2 | 0161771 | 000883305 | 第三借阅区/ [索取号:S82/4] | 在馆 | |
| 3 | 0161771 | 000884305 | 密集书库/ [索取号:S82/4] | 在馆 | |
| 4 | 0161772 | 000884252 | 第二样本阅览室/ [索取号:S82/4] | 在馆 | |
| 5 | 0161779 | 000884298 | 密集书库/ [索取号:S82/4] | 在馆 |